000
00241nam a2200097Ia 4500
005
20251222114415.0
008
251222s1900||||xx |||||||||||||| ||spa||
082
_a
DVD0124/H19/2005
245
0
_a
U2 Vértigo 2005: Live From Chicago:
942
_c
DVD
999
_c
2193
_d
2193